|
|
|
|
| LEADER |
01785nam a22002897a 4500 |
| 003 |
GR-PaULI |
| 005 |
20250203132930.0 |
| 008 |
250203s2024 gr a||| |||| 000 0 gre d |
| 020 |
|
|
|a 9789925351497
|
| 040 |
|
|
|a GR-PaULI
|b gre
|c GR-PaULI
|e AACR2
|
| 041 |
|
|
|a gre
|h eng
|
| 082 |
4 |
|
|2 23
|a 616.1062
|
| 100 |
1 |
|
|a Hillegass, Ellen A.
|e συγγραφέας.
|9 207826
|
| 245 |
1 |
|
|a Φυσικοθεραπεία αναπνευστικού και καρδιαγγειακού συστήματος :
|b βασικός κλινικός οδηγός /
|c Ellen Hillegass ; επιμέλεια έκδοσης Ελένη Αντ. Κορτιάνου ; μετάφραση Κωνσταντίνος Δ. Κατσουλάκης.
|
| 260 |
|
|
|a Λευκωσία :
|b Broken Hill,
|c c2024
|
| 300 |
|
|
|a 1028 σ. :
|b εικ. ;
|c 30 εκ.
|
| 500 |
|
|
|a Περιλαμβάνει γλωσσάρι.
|
| 500 |
|
|
|a Μετάφραση του : Essentials of cardiopulmonary physical therapy, 5th edition.
|
| 504 |
|
|
|a Περιλαμβάνει βιβλιογραφικές παραπομπές.
|
| 650 |
|
0 |
|a Καρδιοπνευμονικό σύστημα
|x Ασθένειες
|x Αποκατάσταση
|9 207833
|
| 700 |
1 |
|
|a Κορτιάνου, Ελένη Α.
|9 200812
|e επιμελήτρια.
|
| 700 |
1 |
|
|a Κατσουλάκης, Κωνσταντίνος Δ.
|9 57451
|e μεταφραστής.
|
| 942 |
|
|
|2 ddc
|c BK
|
| 952 |
|
|
|0 0
|1 0
|2 ddc
|4 0
|6 616_106200000000000_HIL
|7 0
|9 386976
|a LISK
|b LISK
|c BSC
|d 2025-02-03
|i 71385
|l 0
|o 616.1062 HIL
|p 992410071385
|r 2025-02-03 13:29:12
|t 1
|w 2025-02-03
|y BK15
|
| 952 |
|
|
|0 0
|1 0
|2 ddc
|4 0
|6 616_106000000000000_2_HILL
|7 0
|9 387421
|a LISP
|b LISP
|c BSC
|d 2025-02-12
|i 370367
|l 0
|o 616.106 2 HILL
|p 025000316373
|r 2025-02-12 14:33:08
|t 2
|w 2025-02-12
|y BK15
|
| 998 |
|
|
|c ΒΑΖΟΥΡΑ
|d 2025-2
|
| 999 |
|
|
|c 224625
|d 224625
|